00417nam a22001457a 450000500170000000800410001702000150005804100120007308200130008510000120009824500410011026000640015130000300021565000260024520240823062816.0240823b |||||||| |||| 00| 0 eng d a9991680209 aEnglish a349 NAM  lEnglish aThe Namibian Labour Law Publication  aWindhoek: bHuman Capital Consulting Ernst & Young, c2004  bxxi, 280 pages; c25 cm.  aLegal practice bLaw